Konsolidácia oslabuje slovenský obchod

Rozhovor s predsedom Slovenskej aliancie moderného obchodu, Martinom Krajčovičom. V rozhovore priblížil, ako najnovší konsolidačný balík ovplyvní obchodníkov, spotrebiteľov či konkurencieschopnosť Slovenska.

Na minha lista:
Detalhes bibliográficos
Autor principal: Alenová, Gabriela
Outros Autores: Krajčovič, Martin
Formato: Capítulo de Livro
Idioma:eslovaco
Assuntos:
Tags: Adicionar Tag
Sem tags, seja o primeiro a adicionar uma tag!

MARC

LEADER 00000naa a2200000 4500
001 0313069
005 20251105143946.5
041 0 |a slo 
044 |a SK 
245 1 0 |a Konsolidácia oslabuje slovenský obchod  |c Gabriela Alenová, Martin Krajčovič 
520 |a Rozhovor s predsedom Slovenskej aliancie moderného obchodu, Martinom Krajčovičom. V rozhovore priblížil, ako najnovší konsolidačný balík ovplyvní obchodníkov, spotrebiteľov či konkurencieschopnosť Slovenska. 
610 2 0 |a konsolidácia 
610 2 0 |a spotreba domácností 
610 2 0 |a predajne diskontné 
610 2 0 |a ceny 
610 2 0 |a obchodníci 
610 2 0 |a správanie spotrebiteľa 
610 2 0 |a konkurencieschopnosť 
100 1 |a Alenová, Gabriela 
700 1 |a Krajčovič, Martin